000 00597nam a2200181Ia 4500
008 151202s9999||||xx |||||||||||||| ||und||
082 _bPNVM-7321
100 _aमहाजन सुरेश.
245 _aकिरातार्जुनीय.
260 _b"अलंकार प्रकाशन,सांगली."
260 _c2004
300 _a205
600 _aमहाजन सुरेश.
630 _aकिरातार्जुनीय.
700 _aमहाजन सुरेश.
730 _aकिरातार्जुनीय.
942 _cBOOK
999 _c1273313
_d1273310